00341nam a2200133Ia 4500008004100000020001500041041001200056082001600068100001600084245005800100260002100158300000900179650001900188221030s9999 xx 000 0 und d a0070611939 aEnglish a105.23bVoh aN. D. Vohra 0aQuantitative Techniques in Managementcby N. D. Vohra bTMHaDelhic2006 a1049 aMCA Management